[Event "Macieja Memorial"]
[Site "Warsaw POL"]
[Date "2024.07.08"]
[Round "4.37"]
[White "Fudala, Dominik"]
[Black "Sliwicki, Damian"]
[Result "0-1"]
[WhiteElo "1823"]
[BlackElo "2058"]
[EventDate "2024.07.08"]
[PlyCount "60"]

1.e4 c5 2.c4 Nc6 3.Nc3 g6 4.g3 Bg7 5.Bg2 d6 6.Nge2 Nf6 7.O-O h5 8.h4 Bg4 9.f3 
Be6 10.Nd5 Nd7 11.d3 Bxd5 12.cxd5 Nd4 13.Be3 Qb6 14.Rb1 O-O 15.Nxd4 cxd4 16.Bd2 
Qa6 17.Qe2 Nc5 18.b4 Qxd3 19.Qxd3 Nxd3 20.f4 a5 21.a3 axb4 22.axb4 Ra2 23.Bc1 
Rc8 24.Rd1 Nf2 25.Rf1 d3 26.Be3 Ng4 27.Bb6 Rcc2 28.Bf3 Nh2 29.Rbc1 Nxf3+ 30.Kh1 
Rh2# 0-1

[Event "Macieja Memorial"]
[Site "Warsaw POL"]
[Date "2024.07.08"]
[Round "4.38"]
[White "Zebracki, Tomasz"]
[Black "Tarasionak, Arseni"]
[Result "1-0"]
[WhiteElo "2048"]
[BlackElo "1845"]
[EventDate "2024.07.08"]
[PlyCount "51"]

1.d4 d5 2.Bf4 c5 3.Nc3 f6 4.e3 cxd4 5.exd4 Nc6 6.Qh5+ g6 7.Qxd5 Nxd4 8.O-O-O e5 
9.Bb5+ Bd7 10.Bxd7+ Qxd7 11.Qxd7+ Kxd7 12.Be3 Bh6 13.Nf3 Rc8 14.Bxh6 Nxh6 
15.Nxd4 exd4 16.Rxd4+ Ke7 17.Re1+ Kf8 18.Rd7 Nf7 19.Ree7 Ne5 20.Rxb7 a5 21.Nd5 
Nd3+ 22.Kd2 Nc5 23.Rf7+ Ke8 24.Nxf6+ Kd8 25.Rbd7+ Nxd7 26.Rxd7# 1-0

[Event "Macieja Memorial"]
[Site "Warsaw POL"]
[Date "2024.07.08"]
[Round "4.39"]
[White "Lesik, Sebastian"]
[Black "Alvarado, Carlos"]
[Result "0-1"]
[WhiteElo "1815"]
[BlackElo "2040"]
[EventDate "2024.07.08"]
[PlyCount "136"]

1.d4 b6 2.c4 Bb7 3.Nc3 e6 4.e4 Bb4 5.Qc2 Nc6 6.Be3 Nge7 7.Bd3 e5 8.d5 Nd4 9.Qd2 
a5 10.a3 Bc5 11.Bxd4 Bxd4 12.Nge2 c5 13.Nxd4 cxd4 14.Ne2 d6 15.O-O O-O 16.b4 
Bc8 17.bxa5 bxa5 18.Rab1 Ra7 19.Rfc1 Qc7 20.Qc2 Bd7 21.c5 dxc5 22.Qxc5 Qxc5 
23.Rxc5 Nc8 24.Bb5 Bxb5 25.Rbxb5 Nd6 26.Rxa5 Rxa5 27.Rxa5 Nxe4 28.f3 Nd6 29.Ra6 
Rd8 30.Kf2 f5 31.a4 Nc4 32.Rc6 Ne3 33.d6 Kf7 34.f4 Ke6 35.fxe5 Kxe5 36.Rc5+ 
Kxd6 37.Nxd4 Ng4+ 38.Kg3 g6 39.Rb5 Nf6 40.Rb6+ Kd5 41.Rxf6 Kxd4 42.Rf7 g5 
43.Rxh7 Ke5 44.a5 Rd3+ 45.Kf2 Rd2+ 46.Ke3 Rxg2 47.a6 Ra2 48.a7 Ra3+ 49.Kf2 Kf4 
50.Rb7 g4 51.Rb4+ Kg5 52.Rb7 Kf4 53.Rb4+ Kg5 54.Rb7 Kh4 55.Rh7+ Kg5 56.Rg7+ Kf6 
57.Rb7 f4 58.Rb4 Kg5 59.Rb5+ Kh4 60.Rb7 Ra2+ 61.Kg1 g3 62.hxg3+ Kxg3 63.Rb3+ f3 
64.Rb1 Rxa7 65.Kf1 Ra2 66.Rc1 Rh2 67.Kg1 f2+ 68.Kf1 Rh1+ 0-1

[Event "Macieja Memorial"]
[Site "Warsaw POL"]
[Date "2024.07.08"]
[Round "4.40"]
[White "Chmiel, Marcin"]
[Black "Charvi, A"]
[Result "1/2-1/2"]
[WhiteElo "2038"]
[BlackElo "1826"]
[EventDate "2024.07.08"]
[PlyCount "141"]

1.c4 Nf6 2.g3 g6 3.Bg2 d5 4.cxd5 Nxd5 5.Qb3 c6 6.Nc3 Nb6 7.Nf3 Bg7 8.O-O O-O 
9.d4 Be6 10.Qc2 Bg4 11.Rd1 Qc8 12.Bg5 Re8 13.e4 h6 14.Bf4 N8d7 15.h3 Be6 16.Qe2 
Nf6 17.Rac1 Bxh3 18.Bh1 Bg4 19.b3 Qd7 20.Qe3 Bxf3 21.Bxf3 Kh7 22.d5 cxd5 
23.Nxd5 Nfxd5 24.exd5 Rac8 25.a4 Qf5 26.Be4 Rxc1 27.Rxc1 Qd7 28.Rc7 Qd8 29.Rxb7 
Nxd5 30.Bxd5 Qxd5 31.Rxe7 Bd4 32.Qe2 Rxe7 33.Qxe7 Qxb3 34.Qd7 Bg7 35.Qxa7 Qd1+ 
36.Kg2 Qd5+ 37.Kh2 Bd4 38.Qc7 Bxf2 39.a5 g5 40.Be5 Be3 41.Qc2+ Kg8 42.Qb2 Ba7 
43.a6 Qd3 44.Bb8 Qxa6 45.Be5 Qd3 46.Qb7 Be3 47.Qc8+ Kh7 48.Qh8+ Kg6 49.Qg8+ Kh5 
50.Qxf7+ Kg4 51.Qe6+ Qf5 52.Qxf5+ Kxf5 53.Bc7 Kg4 54.Kg2 h5 55.Bd6 Bd4 56.Bc7 
Bc3 57.Bd6 Be1 58.Bc7 Kf5 59.Bb8 Ke4 60.Bc7 Ke3 61.Bd8 g4 62.Bc7 Ke2 63.Bd6 Bf2 
64.Bc7 Be3 65.Bd6 Kd3 66.Bc7 Ke4 67.Bd6 Bd4 68.Bc7 Be5 69.Bb6 Kd3 70.Bc5 Ke2 
71.Bb6 1/2-1/2

[Event "Macieja Memorial"]
[Site "Warsaw POL"]
[Date "2024.07.08"]
[Round "4.41"]
[White "Stefaniuk, Zbigniew"]
[Black "Starosta, Martyna"]
[Result "0-1"]
[WhiteElo "1803"]
[BlackElo "2037"]
[EventDate "2024.07.08"]
[PlyCount "112"]

1.Nf3 Nf6 2.c4 e6 3.Nc3 d5 4.cxd5 exd5 5.d4 Bb4 6.Bg5 Nbd7 7.e3 h6 8.Bh4 g5 
9.Bg3 Ne4 10.Qb3 Qe7 11.a3 Bxc3+ 12.bxc3 c6 13.c4 Nb6 14.c5 Nd7 15.Bd3 h5 
16.Bxe4 Qxe4 17.h3 h4 18.Bd6 Qg6 19.Rc1 Nf6 20.Ne5 Qe4 21.f3 Qf5 22.Qd3 Qe6 
23.Kf2 Nd7 24.Nxd7 Bxd7 25.e4 dxe4 26.Qxe4 O-O-O 27.Qxe6 Bxe6 28.Rhe1 b6 29.Be5 
Rhe8 30.cxb6 axb6 31.Rxc6+ Kb7 32.Rc7+ Ka6 33.Rec1 Rd5 34.R7c4 Rxe5 35.dxe5 
Bxc4 36.Rxc4 Rxe5 37.Rc7 f6 38.Rf7 Re6 39.g3 hxg3+ 40.Kxg3 Kb5 41.Ra7 Kc4 
42.Kg4 Kb3 43.Kf5 Rc6 44.Rf7 Kxa3 45.Rxf6 Rxf6+ 46.Kxf6 b5 47.Kxg5 b4 48.f4 b3 
49.f5 b2 50.f6 b1=Q 51.f7 Qb8 52.Kg6 Qf8 53.h4 Kb4 54.h5 Kc5 55.h6 Kd6 56.h7 
Ke5 0-1

[Event "Macieja Memorial"]
[Site "Warsaw POL"]
[Date "2024.07.08"]
[Round "4.42"]
[White "Obrycki, Tomasz"]
[Black "Grochulski, Grzegorz"]
[Result "0-1"]
[WhiteElo "1795"]
[BlackElo "2023"]
[EventDate "2024.07.08"]
[PlyCount "44"]

1.e4 c5 2.Nf3 e6 3.g3 Nc6 4.Bg2 g6 5.O-O Bg7 6.Re1 Nge7 7.d3 O-O 8.Nc3 d6 9.Be3 
Rb8 10.d4 cxd4 11.Nxd4 a6 12.Qd2 Ne5 13.Qe2 b5 14.b3 Qc7 15.Qd2 Bb7 16.h3 Rbc8 
17.Nce2 Rfd8 18.f4 N5c6 19.c3 Qa5 20.b4 Qc7 21.Nxc6 Qxc6 22.e5 Qxg2# 0-1

[Event "Macieja Memorial"]
[Site "Warsaw POL"]
[Date "2024.07.08"]
[Round "4.43"]
[White "Boryna, Szymon"]
[Black "Zbrzezny, Aleksander"]
[Result "1-0"]
[WhiteElo "1791"]
[BlackElo "2016"]
[EventDate "2024.07.08"]
[PlyCount "60"]

1.b3 d5 2.Bb2 c6 3.e3 e6 4.Nf3 Nf6 5.c4 Bd6 6.cxd5 exd5 7.Nc3 Be6 8.Be2 Nbd7 
9.O-O Qc7 10.h3 g5 11.Nd4 O-O-O 12.Rc1 a6 13.a3 Rhg8 14.Nxe6 fxe6 15.Bg4 Nxg4 
16.Qxg4 h5 17.Qxe6 h4 18.Nxd5 g4 19.hxg4 Qb8 20.Nb6+ Kc7 21.Nd5+ Kc8 22.Bf6 
Rde8 23.Nb6+ Kc7 24.Qxd7+ Kxb6 25.Bd4+ c5 26.Bc3 Re7 27.Qf5 Ka7 28.b4 Rf8 
29.Qh5 Rh8 30.Qf5 Qc7 1-0

[Event "Macieja Memorial"]
[Site "Warsaw POL"]
[Date "2024.07.08"]
[Round "4.44"]
[White "Galczynski, Maksymilian"]
[Black "Sanz Losada, Victoriano"]
[Result "0-1"]
[WhiteElo "1790"]
[BlackElo "1999"]
[EventDate "2024.07.08"]
[PlyCount "116"]

1.e4 c5 2.Nf3 d6 3.d4 cxd4 4.Nxd4 Nf6 5.Nc3 Nc6 6.Be3 e6 7.f3 Be7 8.Qd2 O-O 
9.Be2 a6 10.g4 Qc7 11.O-O-O Nxd4 12.Bxd4 b5 13.h4 Bb7 14.g5 Nd7 15.h5 b4 16.Na4 
Bc6 17.Qxb4 Rfb8 18.Qa3 Qa5 19.b3 Bxg5+ 20.Kb1 Qxa4 21.Qxa4 Bxa4 22.Rdg1 Bh6 
23.Bd3 e5 24.Bb2 Bb5 25.c4 Bc6 26.Ba3 Nc5 27.Bc2 a5 28.Rd1 Rd8 29.Rhg1 Ne6 
30.Rxd6 Rxd6 31.Bxd6 f6 32.c5 Nd4 33.Rg3 Kf7 34.Bd3 Bd7 35.Bc4+ Be6 36.Bd5 Bxd5 
37.exd5 Rd8 38.Kb2 g6 39.hxg6+ hxg6 40.Rh3 Rh8 41.Rg3 Bf4 42.Rg2 Rh2 43.Rxh2 
Bxh2 44.c6 Nb5 45.Bb8 Ke8 46.c7 Kd7 47.d6 Nxd6 48.a4 f5 49.Kc3 g5 50.Kd3 Bf4 
51.b4 axb4 52.a5 Nc8 53.a6 Kc6 54.a7 Kb7 55.Kc4 g4 56.fxg4 fxg4 57.Kxb4 g3 
58.a8=Q+ Kxa8 0-1

[Event "Macieja Memorial"]
[Site "Warsaw POL"]
[Date "2024.07.08"]
[Round "4.45"]
[White "Jedrusik, Adam"]
[Black "Bartoszewicz, Marcin"]
[Result "1-0"]
[WhiteElo "1998"]
[BlackElo "1816"]
[EventDate "2024.07.08"]
[PlyCount "59"]

1.d4 Nf6 2.c4 d6 3.Nc3 e5 4.d5 g6 5.e4 Bg7 6.f3 O-O 7.Be3 Nbd7 8.Qd2 a5 9.Nge2 
Nc5 10.g4 h5 11.h3 hxg4 12.hxg4 Re8 13.Ng3 Nh7 14.Be2 Bf6 15.O-O-O Bg5 16.Rh2 
Bxe3 17.Qxe3 Qg5 18.Qxg5 Nxg5 19.Rdh1 Bd7 20.Nd1 Kg7 21.Ne3 Rh8 22.Kd2 Rxh2 
23.Rxh2 Rb8 24.b3 b5 25.cxb5 Bxb5 26.Rh1 Bxe2 27.Kxe2 a4 28.Rb1 axb3 29.axb3 
Rxb3 30.Rxb3 1-0

[Event "Macieja Memorial"]
[Site "Warsaw POL"]
[Date "2024.07.08"]
[Round "4.46"]
[White "Wasiluk, Mateusz"]
[Black "Wiech, Grzegorz"]
[Result "0-1"]
[WhiteElo "1767"]
[BlackElo "1997"]
[EventDate "2024.07.08"]
[PlyCount "80"]

1.e4 c5 2.Nf3 d6 3.d4 cxd4 4.Nxd4 Nf6 5.Nc3 a6 6.Bg5 e6 7.f4 Qb6 8.Qd2 Qxb2 
9.Rb1 Qa3 10.e5 dxe5 11.fxe5 Nfd7 12.Rb3 Qa5 13.Be2 Nxe5 14.O-O Nbc6 15.Qf4 
Nxd4 16.Bb5+ Nxb5 17.Qxe5 Qc7 18.Rxb5 Qxe5 19.Rxe5 f6 20.Nd5 Bc5+ 21.Be3 Bxe3+ 
22.Rxe3 O-O 23.Nb6 Rb8 24.Rd1 e5 25.Nd7 Bxd7 26.Rxd7 Rf7 27.Red3 Re8 28.Kf2 Kf8 
29.Ke3 Rxd7 30.Rxd7 Re7 31.Rd8+ Kf7 32.Rd6 Rc7 33.Kd3 Ke7 34.Rd5 Rd7 35.Ke4 
Rxd5 36.Kxd5 Kd7 37.g4 a5 38.a4 Kc7 39.h4 h6 40.c4 Kd7 0-1

[Event "Macieja Memorial"]
[Site "Warsaw POL"]
[Date "2024.07.08"]
[Round "4.47"]
[White "Kryston, Aleksander"]
[Black "Patil, Harshal"]
[Result "1-0"]
[WhiteElo "1737"]
[BlackElo "1995"]
[EventDate "2024.07.08"]
[PlyCount "139"]

1.d4 Nf6 2.c4 c5 3.d5 b5 4.cxb5 a6 5.bxa6 Bxa6 6.Nc3 d6 7.e4 Bxf1 8.Kxf1 g6 
9.Nf3 Bg7 10.g3 O-O 11.Kg2 Qa5 12.a4 Na6 13.Qe2 Nd7 14.Nb5 Rfb8 15.Ra3 Nb6 
16.b3 Nd7 17.Nd2 Nb4 18.Nc4 Qd8 19.Bb2 Bxb2 20.Qxb2 Nb6 21.Nxb6 Rxb6 22.Raa1 
Rbb8 23.h4 h5 24.Qc3 Qa5 25.Rhd1 Qb6 26.e5 Re8 27.e6 f6 28.Qe3 Kg7 29.f4 Nc2 
30.Qd3 Nxa1 31.Rxa1 Rec8 32.f5 c4 33.bxc4 Qc5 34.fxg6 Qxc4 35.Qxc4 Rxc4 36.a5 
Rc5 37.Nd4 Rcxa5 38.Rxa5 Rxa5 39.Nf5+ Kxg6 40.Nxe7+ Kh7 41.Kf3 Ra4 42.Nc6 Kg7 
43.Nd8 Kf8 44.Nf7 Ke7 45.Nh6 Ra5 46.Nf5+ Kd8 47.Ne3 Kc7 48.Kf4 Ra3 49.Nf5 Ra4+ 
50.Kf3 Ra5 51.Ne3 Kd8 52.Kf4 Ra3 53.Ke4 Ke8 54.Nf5 Ra4+ 55.Kf3 Ra6 56.Ng7+ Kf8 
57.Nxh5 Ra5 58.Nf4 Kg7 59.h5 f5 60.h6+ Kxh6 61.e7 Ra8 62.Ne6 Re8 63.Nd4 Kg5 
64.Nc6 Ra8 65.Nd8 Ra3+ 66.Kf2 Ra2+ 67.Ke1 Ra1+ 68.Kd2 Ra2+ 69.Kc1 Re2 70.Ne6+ 1-0

[Event "Macieja Memorial"]
[Site "Warsaw POL"]
[Date "2024.07.08"]
[Round "4.48"]
[White "Zurkowski, Andrzej"]
[Black "Zajkowska, Olga"]
[Result "1-0"]
[WhiteElo "1993"]
[BlackElo "1797"]
[EventDate "2024.07.08"]
[PlyCount "52"]

1.d4 Nf6 2.c4 g6 3.Nc3 Bg7 4.e4 d6 5.f4 c5 6.d5 O-O 7.Nf3 e6 8.Be2 exd5 9.cxd5 
Re8 10.e5 dxe5 11.fxe5 Ng4 12.e6 fxe6 13.d6 a6 14.a4 Nc6 15.Ne4 b6 16.O-O Bd7 
17.Bg5 Nf6 18.Bc4 Rf8 19.Qb3 Qe8 20.Nxf6+ Bxf6 21.Bxf6 Rxf6 22.Qxb6 Rb8 23.Qxc5 
Rxb2 24.Rae1 Kg7 25.Bxa6 Qf7 26.Bb5 Rf5 1-0

[Event "Macieja Memorial"]
[Site "Warsaw POL"]
[Date "2024.07.08"]
[Round "4.49"]
[White "Czech, Franciszek"]
[Black "Klim, Filip"]
[Result "0-1"]
[WhiteElo "1730"]
[BlackElo "1993"]
[EventDate "2024.07.08"]
[PlyCount "136"]

1.e4 c5 2.Nf3 d6 3.Bb5+ Nd7 4.O-O a6 5.Be2 Ngf6 6.Nc3 b5 7.d3 b4 8.Nb1 Bb7 
9.Nbd2 e6 10.c3 a5 11.c4 Be7 12.Re1 O-O 13.Nf1 d5 14.e5 Ne8 15.Bf4 h6 16.Qd2 
Nc7 17.h3 a4 18.N1h2 Nb6 19.Rac1 dxc4 20.dxc4 Qxd2 21.Nxd2 Rfd8 22.Bf3 Bxf3 
23.Nhxf3 g5 24.Bg3 Rd3 25.Ne4 Rad8 26.Nd6 Bxd6 27.exd6 Ne8 28.Red1 Rxd1+ 
29.Rxd1 f6 30.b3 axb3 31.axb3 Kf7 32.h4 g4 33.Ne1 e5 34.Nc2 Rxd6 35.Rxd6 Nxd6 
36.Ne3 h5 37.f3 gxf3 38.gxf3 Ke6 39.Kf2 f5 40.Bh2 Nb7 41.Nc2 Na5 42.Na1 f4 
43.Ke2 Kf5 44.Bg1 Nd7 45.Kd2 e4 46.fxe4+ Kxe4 47.Ke2 Nc6 48.Nc2 Na5 49.Na1 Kf5 
50.Kf3 Ne5+ 51.Kg2 Nd3 52.Kf3 Ne5+ 53.Kg2 Nb7 54.Nc2 Kg4 55.Bf2 Nd3 56.Ne1 Nxf2 
57.Kxf2 Kxh4 58.Kf3 Kg5 59.Ng2 Nd6 60.Nxf4 Nf5 61.Nh3+ Kf6 62.Ke4 Nd4 63.Nf4 h4 
64.Nd5+ Kg5 65.Nf4 Nxb3 66.Ne6+ Kg4 67.Nf4 h3 68.Nxh3 Kxh3 0-1

[Event "Macieja Memorial"]
[Site "Warsaw POL"]
[Date "2024.07.08"]
[Round "4.50"]
[White "Gozdzikowski, Franciszek"]
[Black "Goslawski, Michal"]
[Result "1-0"]
[WhiteElo "1726"]
[BlackElo "1987"]
[EventDate "2024.07.08"]
[PlyCount "75"]

1.e4 c6 2.d4 d5 3.Nc3 dxe4 4.Nxe4 Nf6 5.Nxf6+ exf6 6.c3 Bd6 7.Bd3 O-O 8.Qc2 
Re8+ 9.Ne2 h5 10.Be3 Nd7 11.O-O-O Nf8 12.Kb1 h4 13.h3 Be6 14.c4 Rc8 15.Nf4 b5 
16.Nxe6 Nxe6 17.c5 Bf4 18.Bh7+ Kf8 19.Bf5 Bxe3 20.fxe3 Qe7 21.Qf2 g5 22.Rhf1 
Kg7 23.g3 hxg3 24.Qxg3 Rh8 25.e4 Rcd8 26.Qe3 Rh4 27.d5 cxd5 28.exd5 Qxc5 
29.Qxc5 Nxc5 30.d6 Ne6 31.Bg4 Rhh8 32.Rf5 a6 33.Rfd5 Kg6 34.Rc5 Rd7 35.Rc6 Rhd8 
36.Rxa6 f5 37.Rb6 Rxd6 38.Bf3 1-0

[Event "Macieja Memorial"]
[Site "Warsaw POL"]
[Date "2024.07.08"]
[Round "4.51"]
[White "Smetek, Michal"]
[Black "Mroczkowski, Adam"]
[Result "1-0"]
[WhiteElo "1979"]
[BlackElo "1786"]
[EventDate "2024.07.08"]
[PlyCount "119"]

1.d4 d5 2.c4 c6 3.Nc3 Nf6 4.Nf3 e6 5.g3 Nbd7 6.Bg2 Be7 7.O-O O-O 8.Qc2 Re8 9.e4 
dxe4 10.Nxe4 Nxe4 11.Qxe4 Bf6 12.Ne5 Nxe5 13.dxe5 Be7 14.Be3 Qc7 15.h4 Bd7 
16.Rfd1 Rab8 17.Bxa7 Ra8 18.Be3 Ra5 19.a3 Bc8 20.Bd4 c5 21.Bc3 Ra7 22.Rd2 Bd7 
23.Qe3 Bc6 24.Bxc6 Qxc6 25.Rad1 b6 26.Qf4 Raa8 27.Rd3 Rad8 28.Qe3 Qc7 29.Qe4 
Rxd3 30.Rxd3 Rd8 31.Rxd8+ Qxd8 32.Kg2 Qd1 33.Qa8+ Bf8 34.Qb7 Qd3 35.Qxb6 Qxc4 
36.Qc6 Qb3 37.a4 Qb8 38.a5 Qa7 39.a6 c4 40.Qxc4 Bc5 41.Be1 h6 42.b4 Bb6 43.b5 
Qd7 44.Qe2 g6 45.Kg1 Kg7 46.h5 Qd5 47.hxg6 fxg6 48.Bd2 Bc5 49.Bf4 Qd4 50.Qe1 
Qd5 51.Qb1 Bb6 52.Qf1 g5 53.Bc1 Qxe5 54.Qd1 Qc7 55.Bb2+ Kf7 56.Qd3 Ke8 57.Qg6+ 
Kd8 58.Bf6+ Kd7 59.Qg7+ Ke8 60.Qxc7 1-0

[Event "Macieja Memorial"]
[Site "Warsaw POL"]
[Date "2024.07.08"]
[Round "4.52"]
[White "Staroszczyk, Mateusz"]
[Black "Fraczek, Lukasz"]
[Result "1-0"]
[WhiteElo "1933"]
[BlackElo "1755"]
[EventDate "2024.07.08"]
[PlyCount "41"]

1.d4 Nf6 2.Bf4 d6 3.Nc3 g6 4.e4 Bg7 5.Qd2 O-O 6.Bh6 Nc6 7.Bxg7 Kxg7 8.Nf3 e5 
9.d5 Ne7 10.O-O-O Ne8 11.h4 f5 12.h5 f4 13.Be2 Nf6 14.hxg6 hxg6 15.g3 fxg3 
16.Qh6+ Kf7 17.Ng5+ Ke8 18.fxg3 Ng4 19.Bxg4 Bxg4 20.Rdf1 c6 21.Rxf8+ 1-0

[Event "Macieja Memorial"]
[Site "Warsaw POL"]
[Date "2024.07.08"]
[Round "4.53"]
[White "Kicinska, Magdalena"]
[Black "Syrkiewicz, Michal"]
[Result "0-1"]
[WhiteElo "1605"]
[BlackElo "1930"]
[EventDate "2024.07.08"]
[PlyCount "66"]

1.d4 d5 2.Nf3 Nf6 3.c4 dxc4 4.g3 c5 5.Bg2 Nc6 6.e3 Bg4 7.O-O e6 8.dxc5 Qxd1 
9.Rxd1 Bxc5 10.h3 Bh5 11.Nc3 O-O 12.Bd2 Rac8 13.Be1 a6 14.a4 Nb4 15.g4 Bg6 
16.Ne5 Nd3 17.Nxc4 Nxe1 18.Rxe1 Bb4 19.Nb6 Rc7 20.Rac1 Ba5 21.Ne2 Bxb6 22.Rxc7 
Bxc7 23.Bxb7 a5 24.Nd4 Rb8 25.Bf3 Be4 26.Bxe4 Nxe4 27.Rb1 g6 28.b3 Nc5 29.Nb5 
Bb6 30.Kg2 Rd8 31.Kf3 Rd3 32.Nd4 e5 33.Ke2 exd4 0-1

[Event "Macieja Memorial"]
[Site "Warsaw POL"]
[Date "2024.07.08"]
[Round "4.54"]
[White "Tsiapko, Andrii"]
[Black "Malowidzki, Maciej"]
[Result "1-0"]
[WhiteElo "1930"]
[BlackElo "1749"]
[EventDate "2024.07.08"]
[PlyCount "76"]

1.d4 Nf6 2.c4 e6 3.Nf3 d5 4.g3 Be7 5.Bg2 O-O 6.O-O dxc4 7.Qc2 a6 8.a4 Nbd7 
9.Nbd2 Nb6 10.a5 Nbd5 11.Nxc4 Bd7 12.Rd1 Bb5 13.b3 Rc8 14.Ba3 Bxa3 15.Nxa3 Bc6 
16.Rac1 Qe7 17.Qc5 Qxc5 18.dxc5 Rcd8 19.Ne5 Nc3 20.Re1 Bxg2 21.Kxg2 Ncd5 22.c6 
Rb8 23.e4 Ne7 24.Nd7 Nxd7 25.cxd7 c6 26.Nc4 Rfd8 27.Nb6 Ng6 28.f4 Nf8 29.Red1 
f6 30.Rd6 Kf7 31.Rcd1 Ke7 32.Kf3 h6 33.h4 Ng6 34.h5 Nf8 35.g4 g6 36.hxg6 Nxg6 
37.R6d3 Rh8 38.Nc8+ Rbxc8 1-0

[Event "Macieja Memorial"]
[Site "Warsaw POL"]
[Date "2024.07.08"]
[Round "4.55"]
[White "Barwinska, Ewa"]
[Black "Stachniak, Stanislaw"]
[Result "0-1"]
[WhiteElo "1927"]
[BlackElo "1733"]
[EventDate "2024.07.08"]
[PlyCount "125"]

1.e4 e6 2.d3 d5 3.Qe2 Nf6 4.Nf3 dxe4 5.dxe4 Be7 6.c3 O-O 7.g3 b6 8.Bg2 Bb7 9.e5 
Nfd7 10.O-O c5 11.Bf4 Nc6 12.Nbd2 Qc7 13.Rad1 Rad8 14.Nc4 Ba6 15.Qe4 Bxc4 
16.Qxc4 Na5 17.Qe4 c4 18.Bg5 Nc5 19.Qh4 Bxg5 20.Nxg5 h6 21.Nf3 Nc6 22.Qxc4 Nxe5 
23.Nxe5 Qxe5 24.Rfe1 Qh5 25.Rxd8 Rxd8 26.b4 Rd1 27.Rxd1 Qxd1+ 28.Bf1 Nd7 29.Kg2 
Nf6 30.Bd3 g5 31.Qd4 Kg7 32.Qe3 Qg4 33.h3 Qd1 34.Be2 Qd5+ 35.Bf3 Qxa2 36.Qd4 
Qc2 37.h4 gxh4 38.Qxh4 Qxc3 39.Qf4 Qd3 40.Qc7 a5 41.bxa5 bxa5 42.Qxa5 Qf5 
43.Qd2 Nd5 44.Qd4+ Qf6 45.Qg4+ Qg6 46.Qd4+ Qf6 47.Qd2 Ne7 48.Be4 Ng6 49.Qc2 Qg5 
50.Qc3+ Qe5 51.Qd3 f5 52.Bf3 Kf6 53.Qd8+ Kg7 54.Qd7+ Kf6 55.Qh7 Kg5 56.Bc6 Qf6 
57.f4+ Nxf4+ 58.gxf4+ Kxf4 59.Qc7+ e5 60.Qa5 Qg5+ 61.Kf2 Qg3+ 62.Kf1 Qd3+ 
63.Kg1 0-1

[Event "Macieja Memorial"]
[Site "Warsaw POL"]
[Date "2024.07.08"]
[Round "4.56"]
[White "Celinski, Kamil"]
[Black "Rajlich, Vaclav"]
[Result "1/2-1/2"]
[WhiteElo "1927"]
[BlackElo "1704"]
[EventDate "2024.07.08"]
[PlyCount "122"]

1.c4 Nf6 2.g3 g6 3.Bg2 Bg7 4.Nc3 O-O 5.d4 d6 6.h3 e5 7.Nf3 Nc6 8.Be3 exd4 
9.Nxd4 Nxd4 10.Bxd4 c6 11.O-O Be6 12.b3 a6 13.Rc1 b5 14.Bxc6 Rc8 15.cxb5 axb5 
16.Nxb5 Bxh3 17.Bg2 Bxg2 18.Kxg2 Rxc1 19.Qxc1 Qa8+ 20.Kg1 Qxa2 21.Qd1 d5 22.Nc3 
Qa5 23.Bxf6 Bxf6 24.Nxd5 Bg7 25.Qd3 Qc5 26.Qc4 Qd6 27.b4 Be5 28.Kg2 Qe6 29.Rd1 
h5 30.b5 Kg7 31.Ne3 Qe7 32.Qe4 f5 33.Qd5 Rf7 34.Nc4 Bf6 35.Nd6 Rf8 36.b6 h4 
37.b7 hxg3 38.Qf3 gxf2 39.Kxf2 Bh4+ 40.Kg2 Qg5+ 41.Kf1 Qg4 42.Qxg4 fxg4+ 43.Kg1 
Bg3 44.Nc8 Bb8 45.Rd7+ Kf6 46.Rd5 Ke6 47.Rg5 g3 48.Rxg6+ Kd7 49.Kg2 Kc7 50.Rg7+ 
Kc6 51.Ne7+ Kb6 52.Nd5+ Ka7 53.Nb4 Rf6 54.Nd5 Rf2+ 55.Kg1 Rxe2 56.Nc3 Re1+ 
57.Kg2 Rc1 58.Ne4 Rc2+ 59.Kh3 g2 60.Rxg2 Rxg2 61.Kxg2 Kxb7 1/2-1/2

[Event "Macieja Memorial"]
[Site "Warsaw POL"]
[Date "2024.07.08"]
[Round "5.1"]
[White "Piorun, Kacper"]
[Black "Sengupta, Deep"]
[Result "1-0"]
[WhiteElo "2528"]
[BlackElo "2350"]
[EventDate "2024.07.08"]
[PlyCount "50"]

1.d4 d5 2.Bg5 h6 3.Bh4 c5 4.e3 Nc6 5.Nf3 cxd4 6.exd4 Bg4 7.Nbd2 Nf6 8.h3 Bh5 
9.Bb5 Qb6 10.Qe2 a6 11.Bxc6+ bxc6 12.O-O e6 13.c4 Bb4 14.c5 Qb5 15.Qxb5 axb5 
16.Nb3 Nd7 17.Bg3 O-O 18.a3 Ba5 19.a4 b4 20.Rfc1 Ra6 21.Ne1 Rfa8 22.Nc2 Bg6 
23.Nxa5 Bxc2 24.Nxc6 Rxc6 25.Rxc2 Ra5 1-0

[Event "Macieja Memorial"]
[Site "Warsaw POL"]
[Date "2024.07.08"]
[Round "5.2"]
[White "Peng, Li Min"]
[Black "Gdanski, Jacek"]
[Result "0-1"]
[WhiteElo "2425"]
[BlackElo "2315"]
[EventDate "2024.07.08"]
[PlyCount "136"]

1.e4 e6 2.d4 d5 3.exd5 exd5 4.Nf3 Nc6 5.Bb5 Bd6 6.c4 dxc4 7.d5 a6 8.Ba4 b5 
9.dxc6 bxa4 10.O-O Ne7 11.Qxa4 Rb8 12.a3 O-O 13.Nbd2 Rb6 14.Nxc4 Rxc6 15.Nxd6 
cxd6 16.Rd1 h6 17.Bf4 Bg4 18.Qe4 d5 19.Qd3 Rf6 20.Be5 Rf5 21.Bxg7 Bxf3 22.Bxf8 
Kxf8 23.gxf3 Qb6 24.Qd4 Qb3 25.Rd3 Rg5+ 26.Kh1 Qc2 27.Re1 Nf5 28.Qh8+ Rg8 
29.Re8+ Kxe8 30.Qxg8+ Ke7 31.Rxd5 Ke6 32.Rd8 Qxf2 33.Qg2 Qe1+ 34.Qg1 Qe2 
35.Qb6+ Ke7 36.Qc7+ Kf6 37.Qc3+ Ke7 38.Qc7+ Kf6 39.Qc3+ Ke7 40.Qd3 Qe1+ 41.Kg2 
Ne3+ 42.Kh3 Nf5 43.Rd7+ Kf6 44.Rd5 Qh4+ 45.Kg2 Qg5+ 46.Kf2 Qf4 47.Qc3+ Kg6 
48.Rd2 Qxh2+ 49.Ke1 Qg1+ 50.Ke2 h5 51.Qc6+ f6 52.Qe8+ Kh6 53.Qh8+ Kg6 54.Qg8+ 
Ng7 55.Rd7 Qg2+ 56.Ke1 Qg3+ 57.Kd2 Qf4+ 58.Ke2 Qe5+ 59.Kf1 Qb5+ 60.Kf2 Qxd7 
61.Qc4 Kh7 62.Qxa6 Qd2+ 63.Kg3 Qxb2 64.Qd3+ f5 65.a4 Qe5+ 66.Kh4 Qf4+ 67.Kh3 h4 
68.a5 Qg3# 0-1

[Event "Macieja Memorial"]
[Site "Warsaw POL"]
[Date "2024.07.08"]
[Round "5.3"]
[White "Seemann, Jakub"]
[Black "Nasuta, Grzegorz"]
[Result "1-0"]
[WhiteElo "2358"]
[BlackElo "2420"]
[EventDate "2024.07.08"]
[PlyCount "165"]

1.c4 c6 2.d4 d5 3.Nf3 Nf6 4.Nc3 e6 5.e3 Nbd7 6.Qc2 Bd6 7.g4 h6 8.Rg1 e5 9.Be2 
e4 10.Nd2 Bxh2 11.Rh1 Bc7 12.g5 Ng8 13.cxd5 Qxg5 14.dxc6 bxc6 15.Ncxe4 Qg6 
16.b3 Bb7 17.Ba3 Ngf6 18.Bd3 Nxe4 19.Nxe4 Qe6 20.O-O-O O-O-O 21.Nc5 Nxc5 22.Bf5 
Kb8 23.Bxe6 Nxe6 24.Kb1 g6 25.Bb2 Rh7 26.e4 h5 27.Rhe1 Nf4 28.d5 cxd5 29.exd5 
Nxd5 30.Be5 Bxe5 31.Rxe5 f5 32.Kb2 Rhd7 33.Rc1 Nb4 34.Qc3 Nd3+ 35.Ka3 Nxc1 
36.Qxc1 h4 37.Re6 h3 38.Rxg6 h2 39.Qf4+ Ka8 40.Qxh2 Rd5 41.Qf4 Rd4 42.Qe5 R4d5 
43.Qe6 a6 44.Rg8 Rxg8 45.Qxg8+ Ka7 46.Qg3 Ka8 47.Qe3 Kb8 48.Kb4 Ka8 49.Kc3 Kb8 
50.a4 Ka8 51.b4 Bc6 52.Qb6 Bb7 53.b5 axb5 54.axb5 Kb8 55.Kc4 Rd7 56.f4 Kc8 
57.Qe6 Kc7 58.b6+ Kd8 59.Qf6+ Ke8 60.Qxf5 Rf7 61.Qe6+ Re7 62.Qg8+ Kd7 63.Kc5 
Be4 64.Qb8 Ke6 65.Qd6+ Kf7 66.Qh6 Ke8 67.Kd6 Rd7+ 68.Ke5 Re7+ 69.Kf6 Rf7+ 
70.Kg5 Rf5+ 71.Kg4 Rf7 72.Qe6+ Re7 73.Qc8+ Kf7 74.f5 Bb7 75.Qc4+ Kf6 76.Qd4+ 
Kf7 77.Kg5 Ke8 78.Qh8+ Kd7 79.f6 Rf7 80.Qb8 Bd5 81.Kg6 Kc6 82.Qe8+ Rd7 83.b7 1-0

[Event "Macieja Memorial"]
[Site "Warsaw POL"]
[Date "2024.07.08"]
[Round "5.4"]
[White "Klimkowski, Jan"]
[Black "Kokoszczynski, Jan"]
[Result "1-0"]
[WhiteElo "2372"]
[BlackElo "2243"]
[EventDate "2024.07.08"]
[PlyCount "51"]

1.e4 c6 2.Nf3 d5 3.Nc3 dxe4 4.Nxe4 Nf6 5.Qe2 Nxe4 6.Qxe4 Be6 7.b3 Nd7 8.Bb2 Nf6 
9.Qe2 Bf5 10.Ne5 e6 11.O-O-O a5 12.a4 Bd6 13.Rg1 Qe7 14.g4 Bg6 15.f4 Ba3 16.Bg2 
Nd5 17.Bxd5 cxd5 18.Qb5+ Kf8 19.Rde1 Rc8 20.f5 Bxb2+ 21.Kxb2 Qc7 22.c3 exf5 
23.Nd7+ Kg8 24.gxf5 Bxf5 25.Nf6+ Kf8 26.Re8+ 1-0

[Event "Macieja Memorial"]
[Site "Warsaw POL"]
[Date "2024.07.08"]
[Round "5.5"]
[White "Bogdanov, Egor"]
[Black "Socko, Bartosz"]
[Result "0-1"]
[WhiteElo "2349"]
[BlackElo "2552"]
[EventDate "2024.07.08"]
[PlyCount "104"]

1.e4 e6 2.d4 d5 3.exd5 exd5 4.c4 Nf6 5.Nc3 Bd6 6.Nf3 O-O 7.Bd3 dxc4 8.Bxc4 h6 
9.O-O Nbd7 10.Bb3 Nb6 11.Ne5 c6 12.Qf3 Nfd5 13.Nxd5 cxd5 14.Re1 Be6 15.Bc2 Qh4 
16.Qd3 g6 17.g3 Qf6 18.Bxh6 Rfe8 19.Bf4 Rac8 20.Rac1 Nc4 21.Nxc4 dxc4 22.Qf3 g5 
23.d5 Bd7 24.Kh1 gxf4 25.gxf4 Bf5 26.Rg1+ Kf8 27.Bxf5 Qxf5 28.Qg3 Qxd5+ 29.f3 
Ke7 30.Rcd1 Qf5 31.Rd2 Kd7 32.Rgd1 Re6 33.Qf2 b6 34.Qd4 Kc7 35.Qxc4+ Kb7 36.Qa4 
Qxf4 37.Qd7+ Rc7 38.Qxd6 Rxd6 39.Rxd6 Qxf3+ 40.Kg1 f5 41.Rd7 Rxd7 42.Rxd7+ Kc6 
43.Rd2 Qe3+ 44.Rf2 Kd5 45.Kg2 f4 46.Kf1 Kd4 47.Re2 Qd3 48.Kf2 Qh3 49.Kg1 f3 
50.Rc2 Qg4+ 51.Kf1 Qg6 52.Rd2+ Ke3 0-1

[Event "Macieja Memorial"]
[Site "Warsaw POL"]
[Date "2024.07.08"]
[Round "5.6"]
[White "Kazakouski, Valery"]
[Black "Johannesson, Ingvar Thor"]
[Result "0-1"]
[WhiteElo "2599"]
[BlackElo "2365"]
[EventDate "2024.07.08"]
[PlyCount "72"]

1.Nf3 Nf6 2.c4 e6 3.g3 c5 4.Bg2 Be7 5.O-O O-O 6.b3 d5 7.Bb2 d4 8.e3 Nc6 9.exd4 
cxd4 10.Re1 Re8 11.d3 Bf8 12.a3 a5 13.Ne5 Nxe5 14.Rxe5 Nd7 15.Rb5 Nc5 16.b4 
axb4 17.axb4 Rxa1 18.Bxa1 Na6 19.c5 Nc7 20.Ra5 Nd5 21.Ra4 Bd7 22.Ra3 Nxb4 
23.Bxd4 Bc6 24.Bxc6 Nxc6 25.Be3 Qd5 26.Nc3 Qf5 27.Ne4 Rd8 28.Qe2 Ne5 29.f4 Ng4 
30.Rb3 Qd5 31.Rb6 f5 32.Nc3 Qxd3 33.Qxd3 Rxd3 34.Rxb7 Rxc3 35.Bd4 Bxc5 36.Bxc5 
Rxc5 0-1